UM Logo

Concepts in engineering / (Record no. 797)

MARC details
000 -LEADER
fixed length control field 00544nam a22001697a 4500
008 - FIXED-LENGTH DATA ELEMENTS--GENERAL INFORMATION
fixed length control field 160125b xxu||||| |||| 00| 0 eng d
020 ## - INTERNATIONAL STANDARD BOOK NUMBER
International Standard Book Number 007282199X
082 ## - DEWEY DECIMAL CLASSIFICATION NUMBER
Edition number 2005
Classification number DK12 620
Item number H758
100 ## - MAIN ENTRY--PERSONAL NAME
9 (RLIN) 2142
Personal name Holtzapple, Mark T.
245 ## - TITLE STATEMENT
Title Concepts in engineering /
Statement of responsibility, etc. Mark T. Holtzapple and W. Dan Reece.
260 ## - PUBLICATION, DISTRIBUTION, ETC. (IMPRINT)
Place of publication, distribution, etc. Boston :
Name of publisher, distributor, etc. McGraw Hill,
Date of publication, distribution, etc. c2005.
300 ## - PHYSICAL DESCRIPTION
Extent xiii, 273 pages :
Other physical details illustration ;
Dimensions 24 cm.
500 ## - GENERAL NOTE
General note Includes appendix and index.
650 #0 - SUBJECT ADDED ENTRY--TOPICAL TERM
9 (RLIN) 2143
Topical term or geographic name as entry element Engineering
700 ## - ADDED ENTRY--PERSONAL NAME
9 (RLIN) 2144
Personal name Reece, W. Dan., jt. au.
942 ## - ADDED ENTRY ELEMENTS (KOHA)
Source of classification or shelving scheme Dewey Decimal Classification
Koha item type Circulation
Holdings
Withdrawn status Lost status Source of classification or shelving scheme Damaged status Not for loan Collection code Home library Current library Date acquired Source of acquisition Total Checkouts Full call number Barcode Date last seen Date last checked out Copy number Price effective from Koha item type
    Dewey Decimal Classification     K-12 UM Digos College - LIC UM Digos College - LIC 08/12/2015 Purchased 1 DK12 620 H758 2005 23196 05/15/2025 07/28/2016 1 01/25/2016 Circulation